| 000 | 00708nam a2200217 4500 | ||
|---|---|---|---|
| 001 | 122103 | ||
| 003 | ES-MaACL | ||
| 005 | 20231228211409.0 | ||
| 007 | t| | ||
| 008 | 070214m19541955sp r ||||1| spa d | ||
| 100 | 1 |
_aPotter, Basil. _993392 |
|
| 245 | 1 | 0 |
_aInglés para españoles / _cBasil Potter ; prólogo de Walter Starkie. |
| 250 | _a6ª. ed. | ||
| 260 |
_aBarcelona : _bJuventud, _c1954-55. |
||
| 300 |
_a3 v. : _bil. ; _c22 cm. |
||
| 505 | 8 | _aContiene: Vol. I. Curso elemental. Vol. II. Curso medio. Vol. III. Curso superior. | |
| 700 | 1 |
_aStarkie, Walter, _d1894-1976 _9107933 |
|
| 852 |
_aES-MaACL _jG-807-9 _bR.39440 |
||
| 852 |
_aES-MaACL _jC-16969-71 _bR.38784 |
||
| 999 |
_c122103 _d122103 |
||